| 000 | 00770nam a2200253 i 4500 | ||
|---|---|---|---|
| 001 | bg | ||
| 100 | 1 | _aBREALEY, Richard A. | |
| 245 | 1 | 0 |
_aPrinciples of corporate finance / _cRichard A. Brealey, Stewart C. Myers. |
| 250 | _a5th ed. | ||
| 260 |
_aNew York [et al.] : _bMcGraw-Hill, _ccop. 1996. |
||
| 300 |
_a998, [119] s. : _b1 faks., rys., wykr. (w tym kolor.) ; _c23 cm. |
||
| 490 | 1 | _aMcGraw-Hill Series in Finance | |
| 504 | _aBibliogr., summ. przy rozdz. - Indeks. | ||
| 650 | 9 |
_aFinanse _xzagadnienia |
|
| 700 | 1 | _aMYERS, Stewart C. | |
| 830 | _aMcGraw-Hill Series in Finance | ||
| 020 | _a0071140530 | ||
| 040 | _cBPK | ||
| 041 | 0 |
_aen _ben |
|
| 080 | _a336 | ||
| 920 | _a0-07-114053-0 | ||
| 942 | _cKS | ||
| 008 | s pl f |000 0 pol | ||
| 999 |
_c32763 _d32763 |
||
| 856 |
_uhttp://koha.tu.koszalin.pl/cgi-bin/koha/opac-detail.pl?biblionumber=32763 _yKatalog online BPK |
||